01094 a2200229 4500003000500000005001700005010001700022020002800039040000900067082001500076100002200091245010300113260004600216300003400262440004600296505026300342650001900605650002400624651008900648700003100737856009600768Nust20220720111542.0 a 2002191160 a1584883103 (alk. paper) cNust00a003.54,TOG1 aTogneri, Roberto.10aFundamentals of information theory and coding design /cRoberto Togneri, Christopher J.S. deSilva. aBoca Raton :bChapman & Hall/CRC,cc2002. axii, 385 p. :bill. ;c24 cm. 0aDiscrete mathematics and its applications aEntropy and Information (Page-1), Information Channels (Page-51), Source Coding (Page-105), Data Compression (Page-171), Fundamentals of Channel Coding (Page-199), Error-Correcting Codes (Page-235), Cyclic Codes (Page-281), Burst-Correcting Codes (Page-319). 0aCoding theory. 0aInformation theory. aEntropy and Information Page 1xInformation Channels Page 51xSource Coding Page 1051 aDeSilva, Christopher J. S.423Almirah No. 20 shelf No. 1uhttp://www.loc.gov/catdir/enhancements/fy0646/2002191160-d.html